000 00633nam a22002177a 4500
003 UA-OsUOA
001 77696
007 ta
008 20110920b un ||||| |||| 00| 0 ukr d
100 _aМуха Д.В.
090 _a330(477)
_bМ92
942 _cSA
040 _aUA-OsUOA
_bukr
_cUA-OsUOA
_dUA-OsUOA
245 _aОцінка дохідності залучених прямих іоземних інвестицій
300 _aС.31-38
955 _a0
041 _aukr
080 _a330(477)
773 0 _w77687
_tСтатистика України
_dК.
_d2011
_g2
650 7 _a330 Економіка взагалі
_2UDC
999 _c364008
_d364008